Writing the first person: (Record no. 194016)

MARC details
000 -LEADER
fixed length control field 00631nam a22001817a 4500
005 - DATE AND TIME OF LATEST TRANSACTION
control field 20221202151315.0
010 ## - LCCN (DPL NO)
LC control number ENG-135763
020 ## - INTERNATIONAL STANDARD BOOK NUMBER
International Standard Book Number 9788178245201
Terms of availability 595.00
035 ## - SYSTEM CONTROL NUMBER
System control number EN-119295
037 ## - SOURCE OF ACQUISITION
Source of stock number/acquisition DBAD/PUB
082 ## - DEWEY DECIMAL CLASSIFICATION NUMBER
Classification number 894.81209
100 ## - MAIN ENTRY--PERSONAL NAME
Personal name Udaya Kumar
245 ## - TITLE STATEMENT
Title Writing the first person:
Remainder of title literature, history and autobiography in modern kerala/
Statement of responsibility, etc by Udaya kumar
260 ## - PUBLICATION, DISTRIBUTION, ETC. (IMPRINT)
Place of publication, distribution, etc Ranikhet
Name of publisher, distributor, etc Permanent black
Date of publication, distribution, etc 2017
270 ## - ADDRESS
Address 'Himalayana', Mall road, ranikhet cantt
City Ranikhet
Postal code 263645
Electronic mail address perblack@gmail.com
300 ## - PHYSICAL DESCRIPTION
Extent 324 p.
Dimensions 22cm(pbk)
Other physical details Index & Bibiliography
942 ## - ADDED ENTRY ELEMENTS (KOHA)
Source of classification or shelving scheme Dewey Decimal Classification
Item type English Books
Call number suffix UDA
Classification part 894.81209
Holdings
Withdrawn status Lost status Not for loan Collection code Home library Current library Date acquired Source of acquisition Cost, normal purchase price Full call number Barcode Copy number Cost, replacement price Koha item type
      Non-fiction Vinoba Puri Vinoba Puri 02/12/2022 DBAD/PUB 595.00 894.81209 UDA EN-119295 1 595.00 English Books

© Delhi Public Library
Hit Counter
free hit counter